000 00321nam a2200145Ia 4500
008 230312s9999||||xx |||||||||||||| ||und||
082 _a612
_bMAS-P
100 _aMasood Ahmad
245 0 _aPhysical Pharmacy
260 _c2009
300 _a321
546 _aEng.
650 _aPharmacy
_vPhysical Pharmacy
942 _cBK
999 _c4090
_d4090